Firm investment and balance-sheet problems in Japan

Saved in:
Bibliographic Details
Main Author: Sekine, Toshitaka
Format: Book
Language:English
Published: Washington International Monetary Fund 1999
Series:IMF Working Paper WP/99/111
Subjects:
Tags: Add Tag
No Tags, Be the first to tag this record!

MARC

LEADER 00000nam a2200000 4500
001 c123724
005 20221221082358.1
041 0 |a eng 
044 |a US 
245 1 0 |a Firm investment and balance-sheet problems in Japan  |c Toshitaka Sekine 
264 1 |a Washington  |b International Monetary Fund  |c 1999 
300 |a 32 s. 
490 1 |a IMF Working Paper  |v WP/99/111 
830 0 |a IMF Working Paper  |v WP/99/111 
610 2 0 |a investície 
610 2 0 |a firmy 
610 2 0 |a úver 
610 2 0 |a úver investičný 
610 2 0 |a Japonsko 
100 1 |a Sekine, Toshitaka